000 00857nam a2200241 i 4500
001 136453
003 ES-MaACL
005 20230906195133.0
007 t|
008 070214s1984 mx r ||||1| spa d
020 _a968-23-0533-0
100 1 _aSadoul, Georges.
_9101287
245 1 0 _aHistoria del cine mundial desde los orígenes hasta nuestros días /
_cGeorges Sadoul ; apéndices de ICAIC, Tomás Pérez Turrent ; traducción de Florentino M. Torner.
250 _a8ª ed.
260 _aMéxico ;
_aMadrid :
_bSiglo XXI,
_c1984.
300 _aVIII, 828 p, 28 lám.. ;
_c22 cm.
650 4 _aCine-
_vHistoria.
_9171029
700 1 _aPèrez Turrent, Tomás.
_9196025
700 1 _aTorner, Florentino M.
_9110662
710 2 _aInstituto Cubano del Arte e Industria Cinematográficos.
_9171094
852 _aES-MaACL
_jC-2863
999 _c136453
_d136453